00846cam a2200241 i 4500001000300000003000900003005001700012008003900029015001700068040003500085080000800120080001200128100003300140245004000173260002700213300005500240490007900295504002200374650001500396655003000411830006600441856009700507bgKOSZ 00520220125124832.0971010s1986 pl a f f |000 0 pol aPB 1989/7521 aWA NcKOSZ 005/HRdKOSZ 005/HR a532 a(075.8)1 aLubczyńska, UrszulaeAutor10aHydraulika /cUrszula Lubczyńska. aKielce :bPŚ,c1986. a250, [1] s., [6] s. tabl. :brys., wykr. ;c24 cm.1 aSkrypty Uczelniane Politechniki Świętokrzyskiej,x0239-6386 ;vnr 140. aBibliogr. s. 251. 4aHydraulika 4aPodręczniki akademickie 0aSkrypty Uczelniane Politechniki Świętokrzyskiej,vnr 140. uhttp://koha.tu.koszalin.pl/cgi-bin/koha/opac-detail.pl?biblionumber=3731yKatalog online BPK